[Event "DC International"]
[Site "Arlington, VA"]
[Date "2013.06.28"]
[Round "3.7"]
[White "Gerzhoy, Leonid"]
[Black "Omoifo, Osemekhian"]
[Result "1-0"]
[WhiteElo "2469"]
[BlackElo "2283"]
[PlyCount "91"]
[EventDate "2013.06.??"]
[EventType "swiss"]
[EventRounds "9"]
[EventCountry "USA"]
[SourceDate "2013.06.27"]

1. d4 c6 2. c4 d6 3. Nc3 Nd7 4. e4 e5 5. Nf3 Ngf6 6. Be2 Be7 7. O-O O-O 8. Be3
Qc7 9. d5 c5 10. Ne1 Re8 11. Nd3 Bf8 12. a3 a6 13. Rc1 h6 14. f3 g6 15. b4 b6
16. bxc5 bxc5 17. Rb1 Bg7 18. Qd2 Kh7 19. Rb3 Rb8 20. Rxb8 Qxb8 21. Rb1 Qc7 22.
Na4 Ng8 23. Qb2 f5 24. Nb6 Ngf6 25. Nf2 Nxb6 26. Qxb6 Qe7 27. Qc6 Bf8 28. Rb8
Qd7 29. Bd1 Qxc6 30. dxc6 Be6 31. c7 Rc8 32. Bd2 Be7 33. Ba5 Bd7 34. Ba4 Rxc7
35. Bxc7 Bxa4 36. Rb6 Ne8 37. Bb8 Kg8 38. exf5 gxf5 39. g4 a5 40. gxf5 Bd8 41.
Ra6 Bb3 42. Bxd6 Nxd6 43. Rxd6 Bg5 44. Ng4 Bxc4 45. Nxe5 Bb3 46. f6 1-0

[Event "DC International"]
[Site "Arlington, VA"]
[Date "2013.06.28"]
[Round "3.9"]
[White "Fernandez, Daniel"]
[Black "Korley, Kassa"]
[Result "1/2-1/2"]
[WhiteElo "2396"]
[BlackElo "2261"]
[PlyCount "72"]
[EventDate "2013.06.??"]
[EventType "swiss"]
[EventRounds "9"]
[EventCountry "USA"]
[SourceDate "2013.06.27"]

1. d4 d5 2. c4 e6 3. Nf3 c5 4. cxd5 exd5 5. g3 Nc6 6. Bg2 Nf6 7. O-O Be7 8.
dxc5 Bxc5 9. Nc3 O-O 10. Na4 Bd6 11. Be3 Re8 12. Rc1 Rxe3 13. fxe3 Ng4 14. Qd2
Qe7 15. Nc3 Qxe3+ 16. Qxe3 Nxe3 17. Rfe1 d4 18. Nd1 Bb4 19. Nxe3 Bxe1 20. Nd5
Ba5 21. Nxd4 Nxd4 22. Rxc8+ Rxc8 23. Ne7+ Kf8 24. Nxc8 Nxe2+ 25. Kf1 Nc1 26. a3
Nd3 27. b4 Nxb4 28. axb4 Bxb4 29. Nxa7 Bc5 30. Nb5 b6 31. g4 g6 32. Be4 Kg7 33.
Nc7 Kf6 34. Kg2 Kg5 35. Kf3 Bd6 36. Nd5 Bxh2 1/2-1/2

[Event "DC International"]
[Site "Arlington, VA"]
[Date "2013.06.28"]
[Round "3.11"]
[White "Ni, Viktorija"]
[Black "Shetty, Atulya"]
[Result "1-0"]
[WhiteElo "2228"]
[BlackElo "2320"]
[PlyCount "103"]
[EventDate "2013.06.??"]
[EventType "swiss"]
[EventRounds "9"]
[EventCountry "USA"]
[SourceDate "2013.06.27"]

1. d4 d5 2. c4 c6 3. Nf3 Nf6 4. e3 a6 5. Be2 g6 6. O-O Bg7 7. Nc3 O-O 8. a4 Bg4
9. cxd5 cxd5 10. Qb3 Nc6 11. Qxb7 Na5 12. Qb4 Rb8 13. Qa3 Rb3 14. Qa2 Ne4 15.
h3 Bxf3 16. Bxf3 Nxc3 17. bxc3 e6 18. Ba3 Rxc3 19. Bb4 Rc8 20. Bxf8 Bxf8 21.
Rfc1 Rc6 22. Be2 Rd6 23. Rab1 Nc6 24. Bxa6 Nb4 25. Rxb4 Rxa6 26. Rb5 Bd6 27.
Qc2 Kg7 28. Qb3 h5 29. Rb7 Qa5 30. Rd7 Rb6 31. Qd1 Qa8 32. Qf3 Qe8 33. Ra7 Bb8
34. Ra5 Qc6 35. Rac5 Qxa4 36. h4 Qd7 37. g3 Bd6 38. Ra5 Rb2 39. Ra8 Bb8 40. Ra6
Qb7 41. Rac6 Qb5 42. Rc8 Qd7 43. Kg2 Bd6 44. R8c2 Rb8 45. Qe2 Qb7 46. Rc6 Qb4
47. Qa6 Be7 48. Rc7 Kf6 49. Rd7 Rd8 50. Rb7 Qa3 51. Qc6 Rd6 52. Qc7 1-0

[Event "DC International"]
[Site "Arlington, VA"]
[Date "2013.06.28"]
[Round "3.12"]
[White "Cornejo, Max"]
[Black "Prathiba, Yuvarajan"]
[Result "1-0"]
[WhiteElo "2395"]
[BlackElo "2189"]
[PlyCount "121"]
[EventDate "2013.06.??"]
[EventType "swiss"]
[EventRounds "9"]
[EventCountry "USA"]
[SourceDate "2013.06.27"]

1. e4 e5 2. Nf3 Nc6 3. Bb5 a6 4. Bxc6 dxc6 5. O-O Bd6 6. d4 exd4 7. Qxd4 f6 8.
Be3 Be6 9. Nbd2 b5 10. Qc3 Ne7 11. Nd4 Bd7 12. N2b3 O-O 13. Nc5 Bxc5 14. Qxc5
Qe8 15. Rad1 Rf7 16. Nb3 f5 17. f3 Ng6 18. Qd4 fxe4 19. fxe4 Bg4 20. Rxf7 Qxf7
21. Rf1 Qe7 22. Nc5 Rd8 23. Qc3 Be2 24. Re1 Rd1 25. Rxd1 Bxd1 26. Qb3+ Kh8 27.
Qd3 Qd6 28. Nxa6 Ne5 29. Qxd6 cxd6 30. Bf4 Bxc2 31. Bxe5 dxe5 32. Nc5 Kg8 33.
Kf2 Kf7 34. Ke3 Ke7 35. Kd2 Bb1 36. a3 Kd6 37. b4 Ba2 38. Ke3 Bc4 39. Kf3 Ba2
40. Kg4 Be6+ 41. Nxe6 Kxe6 42. Kg5 Ke7 43. Kf5 Kd6 44. h4 h5 45. g3 Ke7 46.
Kxe5 g6 47. Kf4 Kf6 48. g4 hxg4 49. Kxg4 Ke5 50. Kg5 Kxe4 51. Kxg6 Kd4 52. h5
Kc3 53. h6 Kb3 54. h7 Kxa3 55. h8=Q Kxb4 56. Qd4+ Kb3 57. Kf5 b4 58. Ke4 Ka3
59. Qa1+ Kb3 60. Kd3 c5 61. Qb1+ 1-0

[Event "DC International"]
[Site "Arlington, VA"]
[Date "2013.06.28"]
[Round "3.16"]
[White "Balasubramanian, Adithya"]
[Black "Finney, Stuart"]
[Result "1-0"]
[WhiteElo "2298"]
[BlackElo "2143"]
[PlyCount "81"]
[EventDate "2013.06.??"]
[EventType "swiss"]
[EventRounds "9"]
[EventCountry "USA"]
[SourceDate "2013.06.27"]

1. e4 c5 2. c3 Nf6 3. d3 d6 4. Nf3 g6 5. g3 Bg7 6. Bg2 O-O 7. O-O Nc6 8. Re1 e5
9. a3 a5 10. a4 Nh5 11. Na3 f5 12. exf5 Bxf5 13. Qb3+ d5 14. Qxb7 Qf6 15. Bg5
Qe6 16. Qb3 Rab8 17. Nb5 c4 18. dxc4 dxc4 19. Qa2 h6 20. Bf1 Kh7 21. Bxc4 Qc8
22. Be3 e4 23. Nh4 Ne5 24. Nd6 Qc7 25. Ndxf5 Nxc4 26. Nxg7 Nxg7 27. b3 Ne5 28.
Bd4 Nf3+ 29. Nxf3 exf3 30. h3 Qd7 31. Kh2 Ne6 32. Be3 Rf5 33. Rad1 Qc8 34. Qd2
Rb7 35. Qd6 Ng7 36. g4 Rff7 37. Bd4 h5 38. Rg1 Ne8 39. Qg3 hxg4 40. Qh4+ Kg8
41. Qh8# 1-0

[Event "DC International"]
[Site "Arlington, VA"]
[Date "2013.06.28"]
[Round "3.17"]
[White "Wang, Kevin"]
[Black "Bowersock, Michael"]
[Result "1/2-1/2"]
[WhiteElo "2282"]
[BlackElo "2124"]
[PlyCount "91"]
[EventDate "2013.06.??"]
[EventType "swiss"]
[EventRounds "9"]
[EventCountry "USA"]
[SourceDate "2013.06.27"]

1. e4 c5 2. c3 d5 3. exd5 Qxd5 4. d4 Nf6 5. Nf3 e6 6. Na3 Nc6 7. Nb5 Qd8 8.
dxc5 Bxc5 9. Qxd8+ Kxd8 10. Bf4 Ne4 11. Nbd4 Nxd4 12. Rd1 Ke7 13. Nxd4 Rd8 14.
Be2 Bxd4 15. cxd4 Nf6 16. O-O Bd7 17. Be5 Bc6 18. Rc1 Rac8 19. b4 a6 20. Rfe1
Ne8 21. Bg4 Bd5 22. a3 Rxc1 23. Rxc1 f6 24. Bf4 Bc6 25. Be3 Nc7 26. Bf3 Nd5 27.
Bd2 Kd7 28. Be4 Ne7 29. Bb1 Nf5 30. Bc3 Ke7 31. Rd1 g6 32. Bb2 Kf7 33. Bd3 Ke7
34. Be2 Ba4 35. Rd2 e5 36. d5 Bb3 37. Bf3 Kd6 38. b5 Ne7 39. Bc3 Nxd5 40. bxa6
bxa6 41. Ba5 Rc8 42. h4 Bc4 43. Rb2 Bb5 44. Rd2 Bc4 45. Rb2 Bb5 46. Rd2 1/2-1/2

[Event "DC International"]
[Site "Arlington, VA"]
[Date "2013.06.28"]
[Round "3.19"]
[White "Vibbert, Sean"]
[Black "Sakai, Hibicki"]
[Result "1-0"]
[WhiteElo "2255"]
[BlackElo "2093"]
[PlyCount "179"]
[EventDate "2013.06.??"]
[EventType "swiss"]
[EventRounds "9"]
[EventCountry "USA"]
[SourceDate "2013.06.27"]

1. e4 e6 2. d4 d5 3. Nc3 Nf6 4. Bg5 dxe4 5. Nxe4 Be7 6. Bxf6 gxf6 7. Nf3 f5 8.
Ng3 c5 9. dxc5 Qxd1+ 10. Rxd1 Bxc5 11. Ne5 a6 12. Be2 Nd7 13. Nd3 Be7 14. f4 b6
15. Bf3 Ra7 16. Ke2 Rc7 17. c3 a5 18. Kf2 Ba6 19. Ne2 O-O 20. h3 Nc5 21. Nxc5
Bxc5+ 22. Nd4 Rd8 23. Rd2 f6 24. Re1 Re7 25. Be2 Bc8 26. Kf1 e5 27. Bc4+ Kh8
28. Nb3 Rxd2 29. Nxd2 e4 30. Nb3 Bd6 31. g3 Rc7 32. Bb5 Kg7 33. a4 Kf7 34. Rd1
Ke7 35. Nd4 Bc5 36. Nc6+ Kf7 37. Ke2 Kg7 38. b4 axb4 39. cxb4 Bf8 40. Rd8 Bd7
41. Nd4 Bc8 42. a5 bxa5 43. bxa5 Bc5 44. Rxc8 Rxc8 45. Ne6+ Kf7 46. Bd7 Ra8 47.
Nxc5 Rxa5 48. Nb3 Rd5 49. Bc8 h5 50. Nd2 Rc5 51. Bd7 Ke7 52. Ba4 Rc3 53. Nf1 h4
54. gxh4 Rxh3 55. Ne3 Kf8 56. Nxf5 Rf3 57. Nd4 Rh3 58. Bc6 Rxh4 59. Ke3 Rh2 60.
Kxe4 Ke7 61. Nf5+ Ke6 62. Bd5+ Kd7 63. Bc4 Rd2 64. Ne3 Ke7 65. Kf5 Rd6 66. Nd5+
Kf7 67. Nxf6+ Ke7 68. Ne4 Rc6 69. Bd5 Ra6 70. Ke5 Rb6 71. f5 Ra6 72. f6+ Kf8
73. Ng5 Rxf6 74. Kxf6 Ke8 75. Be6 Kf8 76. Nh7+ Ke8 77. Ke5 Ke7 78. Kd5 Kd8 79.
Kd6 Ke8 80. Bd5 Kd8 81. Bc6 Kc8 82. Nf8 Kd8 83. Ne6+ Kc8 84. Kc5 Kb8 85. Kb6
Kc8 86. Bb5 Kb8 87. Bd7 Ka8 88. Nc7+ Kb8 89. Na6+ Ka8 90. Bc6# 1-0

[Event "DC International"]
[Site "Arlington, VA"]
[Date "2013.06.28"]
[Round "3.22"]
[White "Wheeler, Cameron"]
[Black "Nieto, Guillermo"]
[Result "1-0"]
[WhiteElo "2215"]
[BlackElo "1949"]
[PlyCount "57"]
[EventDate "2013.06.??"]
[EventType "swiss"]
[EventRounds "9"]
[EventCountry "USA"]
[SourceDate "2013.06.27"]

1. Nf3 d5 2. c4 Nf6 3. cxd5 Nxd5 4. g3 c5 5. Bg2 Nc6 6. Nc3 Nxc3 7. bxc3 e5 8.
Qc2 Be7 9. O-O O-O 10. Rd1 Bf6 11. a4 Re8 12. d3 Bf5 13. Nd2 Qc7 14. Nc4 Be6
15. Be3 Na5 16. Nxa5 Qxa5 17. Rab1 Bd7 18. Rxb7 Bxa4 19. Ra1 Bxc2 20. Rxa5 c4
21. dxc4 Red8 22. Bd5 Bg6 23. Raxa7 Rxa7 24. Bxa7 h6 25. e4 Bg5 26. c5 Kh7 27.
c6 f5 28. c7 Rh8 29. Rb8 1-0

[Event "DC International"]
[Site "Arlington, VA"]
[Date "2013.06.28"]
[Round "3.34"]
[White "Nieto, Manuel"]
[Black "Sinha, Sahil"]
[Result "1/2-1/2"]
[WhiteElo "1975"]
[BlackElo "1898"]
[PlyCount "60"]
[EventDate "2013.06.??"]
[EventType "swiss"]
[EventRounds "9"]
[EventCountry "USA"]
[SourceDate "2013.06.27"]

1. Nf3 Nf6 2. g3 g6 3. Bg2 Bg7 4. c4 O-O 5. Nc3 d6 6. O-O c6 7. d3 Qc7 8. Bg5
Nbd7 9. Qd2 Re8 10. b4 e5 11. Rac1 Nf8 12. b5 Ne6 13. Bxf6 Bxf6 14. e3 Bg7 15.
Rfd1 f5 16. d4 e4 17. Ne1 Ng5 18. a4 Kh8 19. Rb1 Bd7 20. bxc6 bxc6 21. Rb3 Rab8
22. Rdb1 Rxb3 23. Rxb3 Rb8 24. Qb2 Rxb3 25. Qxb3 Qb6 26. Qa3 Nf7 27. a5 Qb7 28.
Nc2 Bf8 29. Bf1 Kg8 30. Qa2 Be7 1/2-1/2

[Event "DC International"]
[Site "Arlington, VA"]
[Date "2013.06.28"]
[Round "4.1"]
[White "Holt, Conrad"]
[Black "Enkhbat, Tegshsuren"]
[Result "0-1"]
[WhiteElo "2531"]
[BlackElo "2426"]
[PlyCount "130"]
[EventDate "2013.06.??"]
[EventType "swiss"]
[EventRounds "9"]
[EventCountry "USA"]
[SourceDate "2013.06.27"]

1. d4 d5 2. c4 c6 3. Nf3 Nf6 4. Nc3 a6 5. e3 b5 6. b3 Bg4 7. Bd2 e6 8. h3 Bxf3
9. Qxf3 Nbd7 10. Bd3 Be7 11. g4 b4 12. Na4 e5 13. Qg2 exd4 14. exd4 O-O 15. O-O
dxc4 16. Bxc4 c5 17. Be3 cxd4 18. Bxd4 Bd6 19. Rad1 Qc7 20. g5 Nh5 21. Bxf7+
Rxf7 22. Qxa8+ Nf8 23. Bb6 Qe7 24. Rfe1 Qxg5+ 25. Qg2 Qh6 26. Be3 Bf4 27. Rd8
Bxe3 28. fxe3 Qf6 29. Ra8 Qe5 30. Qg4 Nf4 31. Rd8 h5 32. Qh4 N4g6 33. Rxf8+
Rxf8 34. Qc4+ Kh8 35. Kg2 Qg5+ 36. Kh1 Rf2 37. Rg1 Qf5 38. Rg3 Qb1+ 39. Rg1 Qf5
40. Rg3 h4 41. Rg4 Rf1+ 42. Kh2 Rd1 43. Qc5 Rd5 44. Qc7 Kh7 45. Qc1 Qe5+ 46.
Kg2 Qd6 47. Qb1 Rd2+ 48. Kf3 Kh6 49. Qxg6+ Qxg6 50. Rxh4+ Qh5+ 51. Rxh5+ Kxh5
52. Nc5 Rxa2 53. e4 a5 54. Ke3 Rh2 55. Kd4 Rxh3 56. e5 Kg6 57. Kd5 Kf7 58. Kd6
Re3 59. Nb7 Rd3+ 60. Kc6 Rxb3 61. Kd7 Re3 62. Nd8+ Kg8 63. e6 b3 64. e7 Rxe7+
65. Kxe7 b2 0-1

[Event "DC International"]
[Site "Arlington, VA"]
[Date "2013.06.28"]
[Round "4.2"]
[White "Sarkar, Justin"]
[Black "Cheng, Bindi"]
[Result "0-1"]
[WhiteElo "2455"]
[BlackElo "2406"]
[PlyCount "114"]
[EventDate "2013.06.??"]
[EventType "swiss"]
[EventRounds "9"]
[EventCountry "USA"]
[SourceDate "2013.06.27"]

1. d4 Nf6 2. c4 c5 3. d5 e6 4. Nc3 exd5 5. cxd5 d6 6. e4 g6 7. f4 Bg7 8. Bb5+
Nfd7 9. a4 O-O 10. Nf3 Na6 11. O-O Nb4 12. Re1 a6 13. Bf1 Re8 14. h3 b6 15. Be3
Nf6 16. Bf2 Nh5 17. Qd2 Bh6 18. g3 Bb7 19. Kh2 Qc7 20. Bc4 Rad8 21. Be3 Nf6 22.
Bf2 Nh5 23. Be3 Nf6 24. Bg1 Nh5 25. Kg2 Kh8 26. Bh2 f5 27. g4 fxe4 28. Nxe4
Rxe4 29. Rxe4 Nf6 30. Re6 Nfxd5 31. g5 Bg7 32. f5 gxf5 33. Bxd6 Qc6 34. Ne5
Ne3+ 35. Kh2 Rxd6 36. Nf7+ Kg8 37. Rxd6 Nxc4 38. Rxc6 Nxd2 39. Rxb6 Be4 40.
Nh6+ Kf8 41. Rb8+ Ke7 42. Ng8+ Kf7 43. Nf6 Bc6 44. h4 h6 45. Rc1 Nd3 46. Rc3
Nf3+ 47. Kg3 hxg5 48. hxg5 f4+ 49. Kg4 Nfe5+ 50. Kf5 Bxf6 51. gxf6 f3 52. Rc2
Bd7+ 53. Ke4 Kxf6 54. Ke3 Bxa4 55. b3 Bb5 56. Rf8+ Ke6 57. Rc3 f2 0-1

[Event "DC International"]
[Site "Arlington, VA"]
[Date "2013.06.28"]
[Round "4.3"]
[White "Panchanathan, Magesh"]
[Black "Ni, Viktorija"]
[Result "1-0"]
[WhiteElo "2570"]
[BlackElo "2228"]
[PlyCount "57"]
[EventDate "2013.06.??"]
[EventType "swiss"]
[EventRounds "9"]
[EventCountry "USA"]
[SourceDate "2013.06.27"]

1. e4 c5 2. Nf3 Nc6 3. d4 cxd4 4. Nxd4 e5 5. Nb5 d6 6. c4 Be7 7. Be2 a6 8. N5c3
Nf6 9. O-O O-O 10. Be3 Be6 11. Nd2 Rc8 12. Nd5 Nd7 13. a3 Bg5 14. b4 Bxe3 15.
Nxe3 Nd4 16. Nb3 Nxb3 17. Qxb3 b5 18. Qd1 bxc4 19. Qxd6 a5 20. Rfd1 axb4 21.
axb4 Qc7 22. Bxc4 Bxc4 23. Qxd7 Qb6 24. Qd6 Qb7 25. Nf5 Rce8 26. Qc5 Be2 27.
Re1 Bg4 28. Nd6 Qe7 29. Nxe8 1-0

[Event "DC International"]
[Site "Arlington, VA"]
[Date "2013.06.28"]
[Round "4.4"]
[White "Liou, Yian"]
[Black "Gerzhoy, Leonid"]
[Result "1/2-1/2"]
[WhiteElo "2385"]
[BlackElo "2469"]
[PlyCount "71"]
[EventDate "2013.06.??"]
[EventType "swiss"]
[EventRounds "9"]
[EventCountry "USA"]
[SourceDate "2013.06.27"]

1. e4 c6 2. d4 d5 3. Nd2 dxe4 4. Nxe4 Bf5 5. Ng3 Bg6 6. Nh3 Nf6 7. c3 Nbd7 8.
Nf4 e5 9. Nxg6 hxg6 10. Be3 Nd5 11. Bc4 Nxe3 12. fxe3 Qg5 13. Qf3 f5 14. O-O-O
O-O-O 15. Kb1 exd4 16. exd4 Bd6 17. Nf1 Nf6 18. h3 Ne4 19. Bd3 Rde8 20. Bxe4
Rxe4 21. Nd2 Re3 22. Qf1 Bc7 23. Nf3 Qe7 24. Qc4 Re8 25. d5 cxd5 26. Qxd5 Qe4+
27. Qxe4 R3xe4 28. Rd2 Re2 29. Rhd1 Bf4 30. Rd4 Be3 31. Rc4+ Kb8 32. Nh4 Bg5
33. Nf3 Rxg2 34. Nxg5 Rxg5 35. Rd7 Rc8 36. Rb4 1/2-1/2

[Event "DC International"]
[Site "Arlington, VA"]
[Date "2013.06.28"]
[Round "4.8"]
[White "Fernandez, Daniel"]
[Black "Gu, Christopher"]
[Result "1-0"]
[WhiteElo "2396"]
[BlackElo "2264"]
[PlyCount "67"]
[EventDate "2013.06.??"]
[EventType "swiss"]
[EventRounds "9"]
[EventCountry "USA"]
[SourceDate "2013.06.27"]

1. d4 d5 2. c4 c6 3. Nf3 Nf6 4. e3 g6 5. Nc3 Bg7 6. Be2 O-O 7. O-O Be6 8. h3 h6
9. a4 dxc4 10. Ne5 c5 11. Bf3 Nd5 12. Nxd5 Bxd5 13. e4 cxd4 14. exd5 Bxe5 15.
Bxh6 Re8 16. Qe2 Qc7 17. Rac1 c3 18. h4 Nd7 19. h5 Nc5 20. bxc3 dxc3 21. hxg6
fxg6 22. Rfe1 Bf6 23. Qc4 Kh7 24. Bf4 Qc8 25. g3 e5 26. Qxc3 Qf5 27. Qxc5 exf4
28. Qc7+ Kg8 29. g4 Qd3 30. Kg2 Qd2 31. Red1 Qb2 32. d6 Bh4 33. Rc2 Qe5 34. d7
1-0

[Event "DC International"]
[Site "Arlington, VA"]
[Date "2013.06.28"]
[Round "4.9"]
[White "Korley, Kassa"]
[Black "Cornejo, Max"]
[Result "1/2-1/2"]
[WhiteElo "2261"]
[BlackElo "2395"]
[PlyCount "114"]
[EventDate "2013.06.??"]
[EventType "swiss"]
[EventRounds "9"]
[EventCountry "USA"]
[SourceDate "2013.06.27"]

1. d4 Nf6 2. c4 e6 3. Nc3 d5 4. cxd5 exd5 5. Bg5 c6 6. Qc2 Be7 7. e3 Nbd7 8.
Bd3 Nh5 9. Bxe7 Qxe7 10. Nge2 Nb6 11. O-O-O g6 12. Kb1 Be6 13. f3 O-O-O 14. Nc1
Kb8 15. Nb3 Nf6 16. Nc5 Nfd7 17. Nxe6 fxe6 18. h4 e5 19. h5 g5 20. h6 Nf6 21.
g4 Ka8 22. Bf5 Nc4 23. Qc1 e4 24. fxe4 dxe4 25. Na4 Nd6 26. Nc5 Nxf5 27. gxf5
Rd5 28. Rdf1 Rg8 29. Rhg1 g4 30. Ne6 Qd6 31. Qe1 b6 32. Qh4 Qe7 33. Nc7+ Qxc7
34. Qxf6 g3 35. Qe6 Rdd8 36. Qxe4 Kb7 37. f6 Rdf8 38. Qf4 Rg6 39. f7 g2 40.
Qxc7+ Kxc7 41. Rf2 Kd7 42. Rgxg2 Rxh6 43. Rg8 Ke7 44. Rxf8 Kxf8 45. Kc2 Re6 46.
Kd3 h5 47. Rh2 Rh6 48. Ke4 Kxf7 49. Kf5 Kg7 50. e4 Rf6+ 51. Ke5 Rh6 52. Rh4 Kf7
53. Kf5 Rf6+ 54. Kg5 Rg6+ 55. Kxh5 Rg2 56. b4 Kf6 57. Rg4 Rh2+ 1/2-1/2

[Event "DC International"]
[Site "Arlington, VA"]
[Date "2013.06.28"]
[Round "4.13"]
[White "Pressman, Leif"]
[Black "Bodek, Michael"]
[Result "1-0"]
[WhiteElo "2240"]
[BlackElo "2339"]
[PlyCount "160"]
[EventDate "2013.06.??"]
[EventType "swiss"]
[EventRounds "9"]
[EventCountry "USA"]
[SourceDate "2013.06.27"]

1. e4 c5 2. Nf3 d6 3. d4 cxd4 4. Nxd4 Nf6 5. Nc3 g6 6. Be3 Bg7 7. f3 O-O 8. Qd2
Nc6 9. O-O-O Bd7 10. Kb1 Rc8 11. g4 Ne5 12. Be2 Qa5 13. g5 Nh5 14. Nb3 Qd8 15.
Bxa7 Bh3 16. Nd5 e6 17. Bb6 Qd7 18. Nc3 Nc4 19. Bxc4 Rxc4 20. Bd4 e5 21. Be3
Rfc8 22. Rhg1 b5 23. a3 Be6 24. Qxd6 Qe8 25. Na5 Rxc3 26. bxc3 Bf8 27. Qb6 Nf4
28. Rd2 Qe7 29. Nb3 Qxa3 30. Qa7 Rxc3 31. Qxa3 Bxa3 32. Bxf4 exf4 33. Nd4 Bc4
34. Rg4 Bb4 35. Nc6 Bc5 36. Rxf4 Be3 37. Rd8+ Kg7 38. Ne7 h5 39. gxh6+ Kh7 40.
Rg4 Bc5 41. Nd5 Rxf3 42. Rf4 Rxf4 43. Nxf4 Kxh6 44. Nd3 Be7 45. Rd7 Bf6 46. Rb7
Kg7 47. e5 Bg5 48. Nb2 Be6 49. Rxb5 Bf4 50. h4 Bg3 51. Rb4 Bxe5 52. c4 Bc3 53.
Ra4 Bd7 54. Ra7 Bf5+ 55. Kc1 Bd4 56. Rc7 Bf6 57. c5 Bxh4 58. Nc4 g5 59. Ne3 Be6
60. c6 g4 61. Kd1 Bg5 62. Ke2 Kf6 63. Ra7 Bxe3 64. Kxe3 Ke5 65. Rd7 f5 66. Rd1
f4+ 67. Kf2 Bf5 68. c7 g3+ 69. Kg2 Be4+ 70. Kf1 Bf5 71. Kg2 Be4+ 72. Kg1 Bf5
73. Rd8 f3 74. c8=Q f2+ 75. Kf1 Bxc8 76. Rxc8 Kf4 77. Rc3 Kg4 78. Kg2 Kh4 79.
Ra3 Kg4 80. Rxg3+ Kh4 1-0

[Event "DC International"]
[Site "Arlington, VA"]
[Date "2013.06.28"]
[Round "4.16"]
[White "Malhotra, Akshay"]
[Black "Balasubramanian, Adithya"]
[Result "0-1"]
[WhiteElo "1944"]
[BlackElo "2298"]
[PlyCount "116"]
[EventDate "2013.06.??"]
[EventType "swiss"]
[EventRounds "9"]
[EventCountry "USA"]
[SourceDate "2013.06.27"]

1. d4 Nf6 2. c4 g6 3. Nc3 d5 4. Bg5 Ne4 5. Bh4 Nxc3 6. bxc3 Bg7 7. e3 O-O 8.
Nf3 c5 9. cxd5 cxd4 10. cxd4 Re8 11. Bc4 b5 12. Bb3 a5 13. a4 Ba6 14. O-O bxa4
15. Bxa4 Bxf1 16. Bxe8 Bc4 17. Bc6 Nxc6 18. dxc6 Bd5 19. Qa4 Qc7 20. Rc1 Rc8
21. Bg3 Bxc6 22. Bxc7 Bxa4 23. Rc5 Kf8 24. Bxa5 Rxc5 25. dxc5 Ke8 26. Kf1 h6
27. Ke2 Kd7 28. e4 Kc6 29. Bb6 Bb2 30. Kd3 Bb5+ 31. Kc2 Ba1 32. Kb1 Bc3 33. Kc2
Ba1 34. Bd8 Kd7 35. Ba5 Bf1 36. Ne1 Bd4 37. Bb6 Kc6 38. f3 Bg1 39. Kd2 Bxh2 40.
Ke3 Bg1+ 41. Kf4 Bxc5 42. Bxc5 Kxc5 43. g3 Kd4 44. Nc2+ Kd3 45. Nb4+ Ke2 46.
Nc6 Bh3 47. e5 g5+ 48. Ke4 Kf2 49. g4 e6 50. Nb4 Bf1 51. Nc6 Bg2 52. Nd4 Bh1
53. Nb5 Bxf3+ 54. Kd4 Bxg4 55. Nd6 Bh5 56. Ne4+ Kf3 57. Nf6 Bg6 58. Kc5 g4 0-1

[Event "DC International"]
[Site "Arlington, VA"]
[Date "2013.06.28"]
[Round "4.17"]
[White "Bowersock, Michael"]
[Black "Shetty, Atulya"]
[Result "1/2-1/2"]
[WhiteElo "2124"]
[BlackElo "2320"]
[PlyCount "78"]
[EventDate "2013.06.??"]
[EventType "swiss"]
[EventRounds "9"]
[EventCountry "USA"]
[SourceDate "2013.06.27"]

1. e4 c5 2. Nf3 g6 3. d4 cxd4 4. Nxd4 Nc6 5. c4 Bg7 6. Be3 Nf6 7. Nc3 O-O 8.
Be2 d6 9. O-O a5 10. Qd2 Nxd4 11. Bxd4 Nd7 12. Bxg7 Kxg7 13. f4 a4 14. Rae1 Qa5
15. Bd3 Nb6 16. Kh1 Qb4 17. Qc2 Be6 18. b3 axb3 19. axb3 Ra3 20. Rb1 Nxc4 21.
Bxc4 Bxc4 22. bxc4 Qxc3 23. Qxc3+ Rxc3 24. Rxb7 Rxc4 25. Rxe7 Kf6 26. Ra7 Rxe4
27. Rd1 Rd8 28. Ra6 Ke7 29. g3 Re2 30. Kg1 Rc8 31. Raxd6 Rcc2 32. Rd7+ Kf6 33.
R1d6+ Kf5 34. Rxf7+ Kg4 35. h3+ Kxh3 36. Rxh7+ Kg4 37. Kf1 Re3 38. Rhd7 Kf3 39.
Rd3 Rc1+ 1/2-1/2

[Event "DC International"]
[Site "Arlington, VA"]
[Date "2013.06.28"]
[Round "4.18"]
[White "Omoifo, Osemekhian"]
[Black "Corallo, Michael"]
[Result "0-1"]
[WhiteElo "2283"]
[BlackElo "2201"]
[PlyCount "74"]
[EventDate "2013.06.??"]
[EventType "swiss"]
[EventRounds "9"]
[EventCountry "USA"]
[SourceDate "2013.06.27"]

1. Nf3 Nf6 2. c4 g6 3. d4 Bg7 4. g3 d5 5. cxd5 Nxd5 6. Bg2 Nb6 7. O-O Nc6 8. e3
O-O 9. Nc3 Re8 10. Nd2 e5 11. d5 Nb4 12. e4 c6 13. a3 Nd3 14. Qe2 Nxc1 15.
Raxc1 cxd5 16. exd5 e4 17. Qb5 f5 18. Rcd1 Bd7 19. Qb3 Rc8 20. Ndb1 Qc7 21. Rd2
Nc4 22. Re2 b5 23. Rd1 Qb6 24. Kh1 Ne5 25. Kg1 Rc5 26. h3 Qd6 27. Nd2 Qb6 28.
Nf1 Nc4 29. Nb1 Rd8 30. Ne3 Be8 31. Bf1 Ne5 32. Nc3 Bf7 33. Rc2 Nf3+ 34. Kg2
Nd4 35. Rxd4 Bxd4 36. Nxb5 Bxe3 37. fxe3 Rdxd5 0-1

[Event "DC International"]
[Site "Arlington, VA"]
[Date "2013.06.28"]
[Round "4.19"]
[White "Beilin, Allan"]
[Black "Maldonado, Oscar"]
[Result "1-0"]
[WhiteElo "2026"]
[BlackElo "2194"]
[PlyCount "95"]
[EventDate "2013.06.??"]
[EventType "swiss"]
[EventRounds "9"]
[EventCountry "USA"]
[SourceDate "2013.06.27"]

1. c4 Nf6 2. Nc3 g6 3. g3 c6 4. Bg2 e5 5. d4 Qb6 6. c5 Qc7 7. Nf3 d6 8. cxd6
Bxd6 9. dxe5 Bxe5 10. Nxe5 Qxe5 11. Bf4 Qe6 12. Bd6 Nbd7 13. Qd4 Kd8 14. h4 Rg8
15. Bh3 c5 16. Qf4 Nh5 17. Bxe6 Nxf4 18. Bxd7 Ng2+ 19. Kf1 Ne3+ 20. fxe3 Bxd7
21. Bxc5 Bc6 22. Rg1 b6 23. Rd1+ Kc7 24. Bd6+ Kb7 25. Kf2 f5 26. Bf4 Rad8 27.
Bg5 Rxd1 28. Rxd1 Rg7 29. Rd8 Rf7 30. Nd5 a5 31. Kf3 Bb5 32. Nc3 Bd7 33. Kf4
Kc7 34. Rh8 Kd6 35. Bd8 Kc5 36. Kg5 Be6 37. Re8 Bd7 38. Re7 Rxe7 39. Bxe7+ Kc4
40. Bd8 a4 41. Bxb6 a3 42. Bd4 axb2 43. Nb1 f4 44. gxf4 Kb4 45. Bxb2 Be6 46.
Nc3 Kc5 47. Kh6 Bf5 48. e4 1-0

[Event "DC International"]
[Site "Arlington, VA"]
[Date "2013.06.28"]
[Round "4.20"]
[White "Prathiba, Yuvarajan"]
[Black "Zhang, Yuanchen"]
[Result "0-1"]
[WhiteElo "2189"]
[BlackElo "2058"]
[PlyCount "89"]
[EventDate "2013.06.??"]
[EventType "swiss"]
[EventRounds "9"]
[EventCountry "USA"]
[SourceDate "2013.06.27"]

1. e4 e5 2. Nf3 Nc6 3. Bb5 a6 4. Ba4 Nf6 5. O-O Nxe4 6. d4 b5 7. Bb3 d5 8. dxe5
Be6 9. c3 Nc5 10. Bc2 Be7 11. Re1 O-O 12. Nd4 Qd7 13. Nxe6 Nxe6 14. a4 b4 15.
Re3 g6 16. Rd3 Rfd8 17. f4 Nc5 18. Rh3 d4 19. f5 dxc3 20. Qxd7 Rxd7 21. e6 fxe6
22. fxe6 Rdd8 23. Nxc3 bxc3 24. bxc3 Rab8 25. Ba3 Rd2 26. Bd1 Nb3 27. Bxb3 Rxb3
28. Bxe7 Nxe7 29. Re1 Rbb2 30. g4 Rg2+ 31. Kh1 Rge2 32. Rxe2 Rxe2 33. Rd3 Rxe6
34. Rd7 Kf7 35. Rxc7 Re4 36. c4 Rxg4 37. a5 Ke8 38. Ra7 Rxc4 39. Rxa6 Rc2 40.
Ra8+ Kd7 41. Rb8 Ra2 42. Rb7+ Ke8 43. Ra7 Kf7 44. Kg1 h5 45. Ra6 0-1

[Event "DC International"]
[Site "Arlington, VA"]
[Date "2013.06.28"]
[Round "4.22"]
[White "Chan, James"]
[Black "Zimmer, Ralph"]
[Result "1/2-1/2"]
[WhiteElo "2026"]
[BlackElo "2182"]
[PlyCount "79"]
[EventDate "2013.06.??"]
[EventType "swiss"]
[EventRounds "9"]
[EventCountry "USA"]
[SourceDate "2013.06.27"]

1. e4 c5 2. Nf3 e6 3. b3 Nc6 4. Bb2 d6 5. g3 Nf6 6. Qe2 Be7 7. Bg2 O-O 8. O-O
d5 9. d3 b6 10. Nbd2 a5 11. a4 Ba6 12. Ne5 Bb7 13. f4 Nd4 14. Qd1 Qc7 15. c3
Nc6 16. Nxc6 Bxc6 17. e5 Nd7 18. c4 d4 19. Qe2 Rae8 20. Rae1 Kh8 21. Bc1 Nb8
22. Nf3 f5 23. Kf2 Qb7 24. Rg1 h6 25. h4 Rd8 26. Ref1 Kg8 27. Ne1 Qd7 28. Bxc6
Nxc6 29. Bd2 Rf7 30. Nf3 Qc7 31. Ke1 Kf8 32. g4 fxg4 33. Rxg4 Ke8 34. Qg2 Bf8
35. h5 Ne7 36. Nh4 Nf5 37. Nxf5 Rxf5 38. Rg6 Qd7 39. Qg4 Qe7 40. Kd1 1/2-1/2